Access to official records and information (Record no. 500036)

000 -LEADER
fixed length control field 00372cam a22001217a 4500
008 - FIXED-LENGTH DATA ELEMENTS--GENERAL INFORMATION
fixed length control field 180718b1967 xxu||||| |||| 00| 0 eng d
082 ## - DEWEY DECIMAL CLASSIFICATION NUMBER
Classification number ]I548 In2a
100 ## - MAIN ENTRY--PERSONAL NAME
Personal name Mukharji, G.
245 ## - TITLE STATEMENT
Title Access to official records and information
Statement of responsibility, etc. by G. Mukharji
260 ## - PUBLICATION, DISTRIBUTION, ETC.
Place of publication, distribution, etc. New Delhi
Name of publisher, distributor, etc. Indian Institute of Public Administration
Date of publication, distribution, etc. 1967
300 ## - PHYSICAL DESCRIPTION
Extent 70p
650 ## - SUBJECT ADDED ENTRY--TOPICAL TERM
Topical term or geographic name entry element Information services
Holdings
Withdrawn status Lost status Damaged status Not for loan Permanent Location Current Location Date acquired Full call number Barcode Date last seen Price effective from Koha item type
        Indian Institute of Public Administration Indian Institute of Public Administration 2018-08-04 ]I548 In2a GR10560 2018-08-04 2018-08-04 GR
        Indian Institute of Public Administration Indian Institute of Public Administration 2018-08-04 ]I548 In2a GR10559 2018-08-04 2018-08-04 GR
        Indian Institute of Public Administration Indian Institute of Public Administration 2018-08-04 ]I548 In2a GR10558 2018-08-04 2018-08-04 GR

Powered by Koha